Statistics for oldest religions of the world

Click here to take the quiz!

General Stats

  • This quiz has been taken 95 times
  • The average score is 5 of 8

Answer Stats

Answer% Correct
Judaism
90%
Hinduism
89%
Buddhism
75%
Taoism
53%
Zoroastrianism
49%
Jainism
38%
Shintoism
32%
Confucianism
27%

Score Distribution

Percentile by Number Answered

Percent of People with Each Score

Your Score History

You have not taken this quiz